Score 0/30 Timer 06:00
5 Plays Today
% Correct
Ulysses S. Grant
95.6%
Robert E. Lee
94.8%
Claude Monet
94.7%
Zuo Zongtang
94.1%
Sitting Bull
94%
Zeng Guofan
94%
Florence Nightingale
91.7%
Pyotr Ilyich Tchaikovsky
91%
Simón Bolívar
90.7%
Tecumseh
90.6%
Charles Darwin
89.7%
Louis Pasteur
89.6%
Stonewall Jackson
89.4%
José de San Martín
88.2%
Clara Barton
87.2%
% Correct
Miguel Hidalgo y Costilla
86.9%
Pushmataha
86.9%
Franz Liszt
86.6%
Harriet Tubman
84.6%
Richard Wagner
84.5%
Henry David Thoreau
82.6%
Mary Seacole
81.9%
Ralph Waldo Emerson
80.6%
Dmitri Mendeleev
79.5%
Walt Whitman
79.2%
Camille Pissarro
78.7%
Frederick Douglass
78%
Sojourner Truth
73.9%
Berthe Morisot
64.2%
Sengge Rinchen
59.6%
Remove Ads.
Support Sporcle.
Get the best of Sporcle when you Go Orange. This ad-free experience offers more features, more stats, and more fun while also helping to support Sporcle. Thank you for becoming a member.

You're not logged in!

Compare scores with friends on all Sporcle quizzes.
OR
Log In

Show Comments

Extras

Top Quizzes Today


Score Distribution

Your Account Isn't Verified!

In order to create a playlist on Sporcle, you need to verify the email address you used during registration. Go to your Sporcle Settings to finish the process.

Report this User

Report this user for behavior that violates our Community Guidelines.

Details: